00589nam a2200145 a 450000100100000000500170001000800410002708200210006824500570008926000480014630000220019495201970021699900170041304000130043000004637620201002052827.0150806s1956 mx 000 0 spa d axxxxxxxbxxxxxxx03aLa declaración de Panama y la realidad Dominicana. aMéxico, :bFraternidad dominicana,c1956. a11 p. : ;c17 cm. 001050718RVaPDbPDcHDd2015-08-06iLF1l0oxxxxxxx xxxxxxxp46376-10r2020-06-25w2020-06-25y1zPerteneció a la biblioteca personal de Chiqui Vicioso / Fidelio Despradel.ZNo se presta c45865d45865 aDO-SdBNP